Právny obzor teoretický časopis pre otázky štátu a práva

Enregistré dans:
Détails bibliographiques
Format: Publication en série
Langue:slovaque
Publié: Bratislava Ústav štátu a práva SAV 2016
Sujets:
Tags: Ajouter un tag
Pas de tags, Soyez le premier à ajouter un tag!

MARC

LEADER 00000nas2a2200000 4500
001 0277105
005 20210712082248.9
022 |a 0032-6984 
041 0 |a slo 
044 |a SK 
245 1 0 |a Právny obzor  |b teoretický časopis pre otázky štátu a práva 
264 1 |a Bratislava  |b Ústav štátu a práva SAV  |c 2016 
773 0 |w eu_un_cat*s120017 
610 2 0 |a právo 
610 2 0 |a poriadok právny 
610 2 0 |a normy právne 
610 2 0 |a teórie právne 
610 2 0 |a Slovensko